| 000 | 00430nam a2200157 a 4500 | ||
|---|---|---|---|
| 005 | 20140310183257.0 | ||
| 008 | 041029s19uu xx 00 eng d | ||
| 050 |
_aRT 50.5 _b.T483 2003 |
||
| 100 | _aThede, Linda Q. | ||
| 245 | _aInformatics and nursing opportunities and challenges/. | ||
| 300 |
_a354 p. : _bill. ; _c27 cm. |
||
| 521 | _aNUR | ||
| 650 |
_aNursing _xData Processing. |
||
| 942 |
_cBK _2lcc _kFOR |
||
| 999 |
_c20876 _d20876 |
||